Movies Quiz

Random Movies or Translation Quiz

Movie Titles en Español Quiz Stats

 Plays Quiz Updated Oct 11, 2018

Score 0/40 Timer 07:00
3 Plays Today
La película en Español Movie in English % Correct
El silencio de los corderosThe Silence of the Lambs
92.6%
El bueno, el feo y el maloThe Good, The Bad and the Ugly
86.8%
El graduadoThe Graduate
81%
Regreso al futuroBack to the Future
78.8%
El hombre elefanteThe Elephant Man
77.7%
Salvar al soldado RyanSaving Private Ryan
75.1%
La milla verdeThe Green Mile
71.9%
El rey leónThe Lion King
68.8%
PsicosisPsycho
68.3%
Malditos bastardosInglourious Basterds
67%
Cómo entrenar a tu dragónHow to Train Your Dragon
61.9%
El sexto sentidoThe Sixth Sense
57.5%
La naranja mecánicaA Clockwork Orange
55.8%
La princesa prometidaThe Princess Bride
54.1%
Monstruos, S.A.Monsters Inc.
53.6%
El padrinoThe Godfather
53.2%
El club de la luchaFight Club
52.1%
No es país para viejosNo Country for Old Men
51.7%
12 hombres sin piedad12 Angry Men
51.1%
Cantando bajo la lluviaSingin' in the Rain
48%
La película en Español Movie in English % Correct
Historias de NavidadA Christmas Story
46.4%
El halcón maltésThe Maltese Falcon
43.4%
La red socialThe Social Network
42.9%
El señor de los anillos: Las dos torresThe Lord of the Rings: The Two Towers
42.2%
La chaqueta metálicaFull Metal Jacket
41.6%
La gran evasión The Great Escape
38%
Vacaciones en RomaRoman Holiday
37.4%
Las uvas de la iraThe Grapes of Wrath
35.2%
Hijos de los hombresChildren of Men
34.9%
Extraños en un tren Strangers on a Train
33.3%
Alguien voló sobre el nido
del cuco
One Flew Over the Cuckoo's Nest
30.3%
Sospechosos habitualesThe Usual Suspects
29%
En busca del arca perdidaRaiders of the Lost Ark
25.5%
Tarde de perrosDog Day Afternoon
24.2%
Lo que el viento se llevó Gone with the Wind
23.5%
Un tranvía llamado deseoA Streetcar Named Desire
20.2%
La ventana indiscretaRear Window
19.1%
Arsénico por compasiónArsenic and Old Lace
15.2%
OrigenInception
13.9%
Sin novedad en el frenteAll Quiet on the Western Front
9.4%

You're not logged in!

Compare scores with friends on all Sporcle quizzes.
OR
Log In

Show Comments

Extras

Top Quizzes Today


Score Distribution

Your Account Isn't Verified!

In order to create a playlist on Sporcle, you need to verify the email address you used during registration. Go to your Sporcle Settings to finish the process.

Report this User

Report this user for behavior that violates our Community Guidelines.

Details: